Statistics for U.S. Geography True or False?

Click here to take the quiz!

General Stats

  • This quiz has been taken 656 times
  • The average score is 9 of 15

Answer Stats

QuestionAnswer% Correct
There is an intersection between Utah, Colorado, New Mexico, and ArizonaTrue
90%
The United Nations headquarters are located in New York CityTrue
89%
Maryland is located on Chesapeake BayTrue
85%
Michigan borders all the Great LakesFalse
74%
The U.S. border with Canada is world's longest international land borderTrue
74%
Miami is on the Gulf of MexicoFalse
71%
Texas produces more oil than any other stateTrue
62%
Colorado is home to the tallest mountain in the contiguous U.S.False
60%
O'ahu is Hawaii's largest island by areaFalse
59%
The Mississippi River empties into the Gulf of Mexico in MississippiFalse
56%
Washington D.C. is on the western side of the Potomac RiverFalse
52%
The U.S. is one of the countries that claim a piece of AntarcticaFalse
42%
Other than Alaska, Maine is the northernmost U.S. stateFalse
42%
Every U.S. state has received snow in the 21st centuryTrue
42%
Yellowstone is the most visited U.S. national parkFalse
32%

Score Distribution

Percentile by Number Answered

Percent of People with Each Score

Your Score History

You have not taken this quiz